000 00815nam a22002777a 4500
003 CHAP
005 20220329134106.0
008 971013s1971 r 00010 d
010 _a15257
011 _a16229
035 _a20308
040 _cCHAP
090 _aFolleto 406
100 0 0 _aGregory, M. S.
_950617
245 _aSimple digital computing examples
260 _aLondon :
_bBatterworths,
_c1971
300 _a69 p.
_b: ilus
590 _aBATCH-UPD
_b10
_c20130110
_lUCH01
_h2118
590 _aBATCH-UPD
_b10
_c20130410
_lUCH01
_h1429
590 _aBATCH-UPD
_b10
_c20130914
_lUCH01
_h0816
590 _aCONVERSION
_b10
_c20130109
_lUCH01
_h1310
650 1 4 _aCalculadoras electrónicas digitales.
_917346
901 _aBK
942 _cFOLL
949 _aFolleto 406
_bBC
_cFOLL
_d-47350
_eTS1
_i20308
_si
_t45.00
999 _c15257
_d15257